| 000 | 00628nam a2200193 4500 | ||
|---|---|---|---|
| 001 | 112469 | ||
| 003 | ES-MaACL | ||
| 005 | 20250803001737.0 | ||
| 007 | t| | ||
| 008 | 061121s1943 sp r ||||1| spa d | ||
| 080 | _a929 Isabel de Borbón, Infanta | ||
| 100 | 1 |
_aOrtega Morejón, José María de. _987474 |
|
| 245 | 1 | 0 |
_aDoña Isabel de Borbón, Infanta de España / _cJosé Mª de Ortega Morejon. |
| 260 |
_aMadrid : _bAspa, _c1943. |
||
| 300 |
_a223 p. ; _c22 cm. |
||
| 600 | 1 | 4 |
_aBorbón y Borbón, Isabel de, _cInfanta de España, _d1851-1931 _9144239 |
| 852 |
_aES-MaACL _jC-3335 _bR.20391 |
||
| 999 |
_c112469 _d112469 |
||